LIBRARY & INFORMATION CENTRE, KCAET, TAVANUR

ONLINE PUBLIC ACCESS CATALOGUE (OPAC)

All Alone in the world: The story of rice and Wiselies way / (Record no. 11398)

MARC details
000 -LEADER
fixed length control field 00384cam a2200145ua 4500
041 ## - LANGUAGE CODE
Language code of text/sound track or separate title eng
082 ## - DEWEY DECIMAL CLASSIFICATION NUMBER
Classification number 823.308
Item number SPY/AL
100 ## - MAIN ENTRY--AUTHOR NAME
Personal name Spyri, Johanna .
245 ## - TITLE STATEMENT
Title All Alone in the world: The story of rice and Wiselies way /
260 ## - PUBLICATION, DISTRIBUTION, ETC. (IMPRINT)
Place of publication :
Name of publisher Deut pennant books ,
Year of publication 1963.
300 ## - PHYSICAL DESCRIPTION
Number of Pages 172 ; .
942 ## - ADDED ENTRY ELEMENTS (KOHA)
Koha item type Books
Holdings
Withdrawn status Lost status Damaged status Home library Current library Date acquired Full call number Accession Number Koha item type
Withdrawn     KAUAET Sanskrit University 07/04/2012 823.308 10404 Books
free website counter